000 00711nam a2200241Ia 4500
003 OSt
005 20220927110849.0
006 a|||||r|||| 00| 0
007 ta
008 220926b |||||||| |||| 00| 0 eng d
024 _a95220
037 _cReports
040 _aRTL
_cRTL
_beng
041 _2eng
_aeng
082 _a"X9(D5133).2.N77t, L9.1-.2/GD"
111 _aMaruti Affairs (Commission of Inquiry on...) (1977 : India)
_9380716
245 0 _aReport
260 _aNew
_bDelhi Manager of Publications India
_c1979
490 _vV1
650 _aTransport Vehicle Industry
942 _h"X9(D5133).2.N77t, L9.1-.2/GD"
_cCC
999 _c698218
_d698218